Statistics for The Hunger Games Franchise

Click here to take the quiz!

General Stats

  • This quiz has been taken 27 times
    (13 since last reset)
  • The average score is 7 of 9

Answer Stats

TypeYearNameInfo% Correct
Novel2008The Hunger GamesSuzanne Collins
100%
Film2012The Hunger GamesLionsgate
100%
Film2013The Hunger Games: Catching FireLionsgate
100%
Film2014The Hunger Games: Mockingjay - Part 1Lionsgate
100%
Film2015The Hunger Games: Mockingjay - Part 2Lionsgate
100%
Novel2009Catching FireSuzanne Collins
91%
Novel2010MockingjaySuzanne Collins
82%
Film2013The Starving GamesKetchup Entertainment
36%
Novel2020The Ballad of Songbirds and SnakesSuzanne Collins
27%

Score Distribution

Percentile by Number Answered

Percent of People with Each Score

Your Score History

You have not taken this quiz since the last reset